Appreciation of Indian Art: (Record no. 206889)

MARC details
000 -LEADER
fixed length control field 00533nam a22001817a 4500
005 - DATE AND TIME OF LATEST TRANSACTION
control field 20241104152828.0
010 ## - LCCN (DPL NO)
LC control number ENG-142562
020 ## - INTERNATIONAL STANDARD BOOK NUMBER
International Standard Book Number 200.00
Terms of availability 9789381325049
035 ## - SYSTEM CONTROL NUMBER
System control number EN-126094
037 ## - SOURCE OF ACQUISITION
Stock number DBAD
082 ## - DEWEY DECIMAL CLASSIFICATION NUMBER
Classification number 709.54
245 ## - TITLE STATEMENT
Title Appreciation of Indian Art:
Remainder of title Selected Writings
Medium English
260 ## - PUBLICATION, DISTRIBUTION, ETC. (IMPRINT)
Place of publication, distribution, etc Kolkata
Name of publisher, distributor, etc Swami Sarvabhutananda,
Date of publication, distribution, etc 2011
270 ## - ADDRESS
Address Ramakrishna Mission Institute of culture Kolkata
City Kolkata
300 ## - PHYSICAL DESCRIPTION
Extent 394p.
Dimensions 22cm(Pb)
500 ## - GENERAL NOTE
General note Vol-1
942 ## - ADDED ENTRY ELEMENTS (KOHA)
Source of classification or shelving scheme Dewey Decimal Classification
Item type English Books
Classification part 709.54
Call number suffix APP
Holdings
Withdrawn status Lost status Materials specified (bound volume or other part) Not for loan Collection code Home library Current library Date acquired Source of acquisition Cost, normal purchase price Full call number Barcode Copy number Cost, replacement price Koha item type
    Vol1   Non-fiction Central Jail Tihar Central Jail Tihar 04/11/2024 DBAD 200.00 709.54 APP EN-126094 1 200.00 English Books

© Delhi Public Library
Hit Counter
free hit counter